=LDR 00000nam 2200000 4500 =001 INLIS000000000020384 =005 20130612115334 =008 ***********************************Ind** =035 ##$$0010-061300000020384 =041 ##$$a Ind =082 ##$$a 346.02 =090 ##$$a 346.02, Mul p =100 ##$$a Mulyadi, Kartini =245 ##$$a Perikatan pada umumnya, oleh Kartini Muljadi, Gunawan Widjaj =260 ##$$a 2004 $b Jakarta =300 ##$$a xii, 194 hlm, 21 cm =650 ##$$a Hukum Perikatan =850 ##$$a NBPNMAT =990 ##$$a 0001/BPAP-NTB/20142014 =990 ##$$a 0001/BPAP-NTB/2015